1000 zcela legálních daňových triků
Guardado en:
| Autor principal: | |
|---|---|
| Formato: | Libro |
| Lenguaje: | checo |
| Publicado: |
Praha
Galaxie
1992
|
| Edición: | 1. vyd. |
| Materias: | |
| Etiquetas: |
Sin Etiquetas, Sea el primero en etiquetar este registro!
|
MARC
| LEADER | 00000nam a2200000 4500 | ||
|---|---|---|---|
| 001 | c001211 | ||
| 005 | 20221214091147.8 | ||
| 020 | |a 80-85204-12-6 | ||
| 041 | 0 | |a cze | |
| 044 | |a CZ | ||
| 245 | 1 | 0 | |a 1000 zcela legálních daňových triků |c Franz Konz |
| 250 | |a 1. vyd. | ||
| 264 | 1 | |a Praha |b Galaxie |c 1992 | |
| 300 | |a 570 s. | ||
| 610 | 2 | 0 | |a dane |
| 610 | 2 | 0 | |a úľavy daňové |
| 610 | 2 | 0 | |a dane zo mzdy |
| 610 | 2 | 0 | |a sadzby daňové |
| 610 | 2 | 0 | |a náklady prevádzkové |
| 610 | 2 | 0 | |a náklady personálne |
| 610 | 2 | 0 | |a príjmy obyvateľstva |
| 610 | 2 | 0 | |a predpisy daňové |
| 100 | 1 | |a Konz, Franz | |